000 00297nam a2200121Ia 4500
005 20251222143307.0
008 251222s9999||||xx |||||||||||||| ||spa||
082 _a891.31/C539G
100 _aChéjov, Antón
245 0 _aLa Gaviota - El Jardín de los Cerezos
264 _bPlaneta
942 _cLIB
999 _c15570
_d15570